The Next Supreme Leader (Record no. 352696)
[ view plain ]
| 000 -LEADER | |
|---|---|
| fixed length control field | 00540nam a2200133Ia 4500 |
| 008 - FIXED-LENGTH DATA ELEMENTS--GENERAL INFORMATION | |
| fixed length control field | 171212s9999 xx 000 0 und d |
| 020 ## - INTERNATIONAL STANDARD BOOK NUMBER | |
| International Standard Book Number | 9780833051332 |
| 100 ## - MAIN ENTRY--PERSONAL NAME | |
| Personal name | Nader, Alireza;Thaler, David E.;Bohandy, S. R. |
| 245 ## - TITLE STATEMENT | |
| Statement of responsibility, etc | Nader, Alireza;Thaler, David E.;Bohandy, S. R. |
| Title | The Next Supreme Leader |
| Remainder of title | Succession in the Islamic Republic of Iran |
| 260 ## - PUBLICATION, DISTRIBUTION, ETC. (IMPRINT) | |
| Name of publisher, distributor, etc | RAND Corporation |
| Date of publication, distribution, etc | 2011 |
| 650 ## - SUBJECT ADDED ENTRY--TOPICAL TERM | |
| Topical term or geographic name as entry element | Heads of state -- Succession -- Iran; Politics and government -- 1997- |
| 650 ## - SUBJECT ADDED ENTRY--TOPICAL TERM | |
| Topical term or geographic name as entry element | History |
| 856 ## - ELECTRONIC LOCATION AND ACCESS | |
| Uniform Resource Identifier | <a href="www.jstor.org/stable/10.7249/mg1052osd">www.jstor.org/stable/10.7249/mg1052osd</a> |
| Withdrawn status | Lost status | Damaged status | Home library | Current library | Date acquired | Total Checkouts | Full call number | Date last seen | Price effective from | Koha item type |
|---|---|---|---|---|---|---|---|---|---|---|
| College Library | College Library | 12/12/2017 | JQ1786.N33 2011 | 12/12/2017 | 12/12/2017 | Curriculum - Based eBooks |